000
002510000a22000970004500
100
1
_a
Salem, Luis D.
245
1
0
_a
El Sinaí, cumbre histórica
300
_a
Vol. 56, Núm 254 (2001), Páginas 19-21
773
0
_t
La Biblia de las Américas
942
_c
ANA
999
_c
51633
_d
51633